000 01569cam a22004217a 4500
003 CHAP
005 20220329142646.0
008 020814d2002 mx r 00110 spa d
010 _a86091
011 _a87063
035 _a97604
040 _cCHAP
090 _aTesis
100 0 0 _aRobles Menendez, Marisol.
_998100
245 1 0 _aEfecto de la adición de la vitamina C suplementada en el alimento para cerdos recien destetados
_c/por Marisol Robles Menendez y Miguel Sánchez Elias
260 _aChapingo, Méx. :
_bEl autor,
_c2002.
300 _a58 h. :
_bgráfs.
502 _aTesis (Ing. Agr. Esp. en Zootecnia) -- UACH. Departamento de Zootecnia
590 _aALEPH
_b10
_c20130110
_lUCH01
_h1448
590 _aBATCH-UPD
_b10
_c20130110
_lUCH01
_h0548
590 _aBATCH-UPD
_b10
_c20130110
_lUCH01
_h2354
590 _aBATCH-UPD
_b10
_c20130410
_lUCH01
_h0230
590 _aBATCH-UPD
_b10
_c20130914
_lUCH01
_h1523
590 _aCONVERSION
_b10
_c20130109
_lUCH01
_h1348
650 1 4 _aGanado porcino
_xCostos de producción.
_945348
650 1 4 _aGanado porcino
_xDestete.
_945354
650 1 4 _aGanado porcino
_xNutrición.
_945390
650 1 4 _aGanado porcino
_xPeso.
_945396
650 1 4 _aLechones
_xDestete.
_965445
650 1 4 _aVitaminas (C)
_9120014
650 1 4 _aVitaminas en nutrición animal.
_9120022
700 0 0 _aSánchez Elias, Miguel.
_9107485
901 _aBK
905 _aMayto Villalobos S.
942 _cFOLL
949 _aTesis
_bBC
_cTES
_d33724000849691
_eTS2
_fc.2
_h39577
_i97604
_sb
949 _aTesis
_bBC
_cTES
_d97604123
_eTS1
_h39576
_i97604
_sb
999 _c86091
_d86091